000 00715nam a2200229Ia 4500
003 OSt
005 20221005121612.0
006 a|||||r|||| 00| 0
007 ta
008 221004b |||||||| |||| 00| 0 eng d
024 _a65369
037 _cTextual
040 _aCRL
_cCRL
_beng
041 _2eng
_aeng
082 _aV45:1:M1, A.1-.2
100 _aMalcolm John
245 0 _aHistory of Persia, from the most early period to the present time
_b Containing an account of the religion, government, usage and character of the inhabitants of that kingdom. 2 V.
260 _c1870
650 _aHISTORY
942 _hV45:1:M1, A.1-.2
_cTEXL
_2cc
999 _c1041690
_d1041690